|
|
|
|
| LEADER |
01336nam a2200277 a 4500 |
| 001 |
0017249 |
| 003 |
BD-DhAAL |
| 008 |
100506s2007 maua b 001 0 eng d |
| 010 |
|
|
|a 2006001682
|
| 020 |
|
|
|a 0205484360
|
| 040 |
|
|
|a DLC
|c DLC
|d YDX
|d BAKER
|d DLC
|d BD-DhAAL
|
| 082 |
0 |
0 |
|a 305.0973
|2 22
|
| 100 |
1 |
|
|a Hurst, Charles E.
|9 813
|
| 245 |
1 |
0 |
|a Social inequality :
|b forms, causes, and consequences /
|c Charles E. Hurst.
|
| 250 |
|
|
|a Sixth edition.
|
| 260 |
|
|
|a Boston :
|b Pearson/Allyn and Bacon,
|c c2007.
|
| 300 |
|
|
|a xi, 452 p. :
|b ill. ;
|c 24 cm
|
| 504 |
|
|
|a Includes bibliographical references (pages 407-447) and index.
|
| 526 |
|
|
|a ESS
|x Kamrul Hasan
Lecturer
Department of Economics and Social Science
Course Name : Stratification, Inequality and Power (SOC 201).
|
| 541 |
1 |
|
|e 17249
|a Essence Science Publications
|
| 650 |
|
0 |
|a Equality
|z United States.
|
| 651 |
|
0 |
|a United States
|x Social conditions.
|
| 852 |
4 |
|
|a Ayesha Abed Library
|c General Stacks
|
| 942 |
|
|
|2 ddc
|c BK
|
| 999 |
|
|
|c 8446
|d 8446
|
| 952 |
|
|
|0 0
|1 4
|2 ddc
|4 0
|6 305_097300000000000_HUR
|7 0
|9 9923
|a BRACUL
|b BRACUL
|d 2010-05-09
|e Essence Science Publications
|g 5175.00
|l 1
|m 1
|o 305.0973 HUR
|p 3010017249
|r 2011-05-30
|s 2011-05-16
|t 1
|w 2010-05-09
|y BK
|x Koha Inventory 2020 ; Requisitioned by Kamrul Hasan (Lecturer) for the course named - "Stratification, Inequality and Power" (SOC 201).
|